Spruche, Lieder, der Leich. : Urtext. Prosaubertragung /

Bibliographic Details
Main Author: Walther, von der Vogelweide, active 12th century
Other Authors: Stapf, Paul
Format: Book
Language:German
Undetermined
Published: Berlin : Tempel-Verlag, [1955]

MARC

Tag First Indicator Second Indicator Subfields
LEADER 00000cam a2200000 4500
001 in00000021820
005 20151007063740.0
008 780112s1955 wb 00000 ger c
010 |a a 56001600  
035 |a (OCoLC)03553273 
035 |9 AAD8157AM 
040 |a North Carolina. Univ. Library  |c NRC  |d TXA  |d UtOrBLW 
041 0 |a ger  |a und 
049 |a TXAM  |c [267892] 
090 |a PT1670.A3  |b S8 
092 |a 831  |b W237s 
100 0 |a Walther,  |c von der Vogelweide,  |d active 12th century. 
245 1 0 |a Spruche, Lieder, der Leich. :  |b Urtext. Prosaubertragung /  |c [Hrsg. und ubersetzt von Paul Stapf]. 
264 1 |a Berlin :  |b Tempel-Verlag,  |c [1955] 
300 |a 184, xlii pages ;  |c 20 cm. 
336 |a text  |b txt  |2 rdacontent 
337 |a unmediated  |b n  |2 rdamedia 
338 |a volume  |b nc  |2 rdacarrier 
500 |a Text and translation on opposite pages, numbered in duplicate. 
700 1 |a Stapf, Paul. 
999 |a MARS 
999 f f |s eb1ea905-ad22-345a-b7c2-292e020b557d  |i c90b2bc4-8e6d-36f0-a9f7-b6837833f1ea  |t 0 
952 f f |p ric  |a Texas A&M University  |b Rellis Campus  |c Joint Library Facility  |s JLF  |d Remote Storage  |t 0  |e PT1670.A3 S8 1955  |h Library of Congress classification  |i unmediated -- volume  |m A14814973995 
998 f f |a PT1670.A3 S8 1955  |t 0  |l Remote Storage